Moby Dick (Record no. 44889)

MARC details
000 -Etiqueta do registo
Valores 00739cam a2200229 04500
100 ## - Dados gerais de processamento
Dados gerais 19870619d1986 demy0pory5003 ba
101 1# - Língua de publicação
Língua por
102 ## - País de publicação
País PT
200 1# - Titulo e menção de responsabilidade
Título próprio Moby Dick
Primeira menção de responsabilidade des. Chiqui de la Fuente
Outras menções de responsabilidade texto Carlos R. Soria
-- trad. Joaquim Leite
-- ideia orig. Hermann Melville
210 #9 - Publicação
Local de publicação Porto
Nome do editor Civilizacão,
Data de publicação imp. 1986
215 ## - Descrição física 
Paginação / Volumes 46,[2]p.
Outras indicações físicas todo il.
Dimensões 30 cm
225 2# - Colecção 
Título próprio da colecção Maravilhas da literatura
Indicação de volume 5
300 ## - Notas gerais 
Texto da nota Adapt. em banda desenhada da obra de Herman Melville
675 ## - CDU
Notação 087.5
Edição med
Língua por
700 #1 - Autor principal
Apelido La Fuente,
Nome Chiqui de,
701 #1 - Autor co-responsavel
Apelido Soria,
Nome Carlos R.
Função 070
702 #1 - Autor secundário
ID Autoridade 1
Apelido Leite,
Nome Joaquim
Função 730
702 #1 - Autor secundário
Apelido Melville,
Nome Herman,
Datas 1819-1891
Função 100
801 #0 - Fonte de origem
País PT
Agência BN
Regras de catalogação RPC
990 ## - Elementos KOHA
Tipo de documento Livro
Holdings
Aquisição Empréstimo Código de barras Cota Permissão de empréstimo Tipo de documento Nota relativa ao exemplar
Biblioteca Municipal de Redondo Biblioteca Municipal de Redondo 055068 82-93 FUE   Livro obra em B.D.

Powered by Koha